El trabajo bancario: liberalización, modernización y lucha por la democracia
Saved in:
| Main Authors: | , , , |
|---|---|
| Andre forfattere: | |
| Format: | Bog |
| Sprog: | spansk |
| Udgivet: |
Santiago
Programa de Economía del Trabajo
1990
|
| Serier: | Colección Estudios Sectoriales, 8
|
| Fag: | |
| Tags: |
Tilføj Tag
Ingen Tags, Vær først til at tagge denne postø!
|
MARC
| LEADER | 00000nam a2200000 a 4500 | ||
|---|---|---|---|
| 001 | UCY0026 | ||
| 003 | CL-VaPUC | ||
| 008 | 940707e19900000CL |||||||||||||||||spa|d | ||
| 082 | 0 | 4 | |a 332.109 |b FRI |2 21 |
| 100 | 0 | |a Frias, Patricio |e author |9 327589 | |
| 700 | 0 | |a Lazo, Cristina |e author |9 327590 | |
| 700 | |a Mella Valenzuela, Orlando |e autor |9 496633 | ||
| 700 | 0 | |a Novik, Ana |e author |9 327592 | |
| 700 | 0 | |a Parra, Manuel |e author |9 327593 | |
| 245 | 1 | 3 | |a El trabajo bancario: liberalización, modernización y lucha por la democracia |
| 300 | |a 259 p | ||
| 942 | |c BK | ||
| 945 | |d 19940707 00:00:00 |a rbrito | ||
| 260 | |a Santiago |b Programa de Economía del Trabajo |c 1990 | ||
| 650 | 0 | |a Bancos |9 254963 | |
| 650 | 7 | |a EMPLEADOS BANCARIOS |2 CL-VaPUC |9 327594 | |
| 650 | 7 | |a SINDICATO DE EMPLEADOS |2 CL-VaPUC |9 327595 | |
| 651 | 7 | |a CHILE |2 CL-VaPUC |9 327596 | |
| 583 | |a last modification |c 19940707 00:00:00 |k Rodrigo Vera | ||
| 490 | 0 | |a Colección Estudios Sectoriales, 8 | |
| 999 | |c 229122 |d 229120 | ||
| 952 | |0 0 |1 0 |4 0 |6 332_109000000000000_FRI_1990 |7 0 |8 A |9 229742 |a BIBENE |b BIBENE |d 2019-11-15 |i 2989026 |o 332.109 FRI 1990 |p 2989026 |r 2025-01-15 |w 2019-11-15 |y BK |k ICO | ||